Statistics for Fictional Characters By Home State

Click here to take the quiz!

General Stats

  • This quiz has been taken 27 times
  • The average score is 21 of 50

Answer Stats

CharacterFictional WorkState% Correct
Horatio CaineCSI: M____Florida
81%
Atticus FinchTo Kill a MockingbirdAlabama
76%
Peter GriffinFamily GuyRhode Island
76%
Ennis del MarBrokeback MountainWyoming
76%
Huckleberry FinnThe Adventures of Huck FinnMissouri
71%
Tony SopranoThe SopranosNew Jersey
71%
Walter WhiteBreaking BadNew Mexico
71%
Michael ScottThe OfficePennsylvania
71%
Hank HillKing of the HillTexas
71%
Edward CullenTwilightWashington
71%
Kevin McCallisterHome AloneIllinois
67%
Elder Arnold CunninghamThe Book of MormonUtah
67%
Daryl DixonThe Walking DeadGeorgia
62%
Will HuntingGood Will HuntingMassachusetts
62%
Marge GundersonFargoMinnesota
62%
Spider-ManMarvel ComicsNew York
62%
Lilo PelekaiLilo and StitchHawaii
57%
Andy DufresneThe Shawshank RedemptionMaine
57%
The FonzHappy DaysWisconsin
57%
Leslie KnopeParks and RecreationIndiana
52%
Captain KirkStar TrekIowa
52%
Tom JoadThe Grapes of WrathOklahoma
52%
Marty McFlyBack to the FutureCalifornia
48%
TianaThe Princess and the FrogLouisiana
48%
Hannah MontanaHannah MontanaTennessee
48%
Napoleon DynamiteNapoleon DynamiteIdaho
43%
Andy TaylorThe Andy Griffith ShowNorth Carolina
43%
Lorelai GilmoreThe Gilmore GirlsConnecticut
38%
Omar LittleThe WireMaryland
38%
Pat GearyThe Godfather Part IINevada
29%
Frank UnderwoodHouse of CardsSouth Carolina
24%
Clarice StarlingSilence of the LambsWest Virginia
24%
Daisy BuchananThe Great GatsbyKentucky
19%
Joseph SeedFar Cry 5Montana
19%
Kay Adams-CorleoneThe GodfatherNew Hampshire
19%
Johnny UtahPoint BreakOhio
19%
Marion CranePsychoArizona
14%
Mattie RossTrue GritArkansas
14%
Ash WilliamsEvil DeadMichigan
14%
Jay GatsbyThe Great GatsbyNorth Dakota
14%
Max CaulfieldLife is StrangeOregon
14%
Bruce BannerMarvel Cinematic UniverseVirginia
14%
William T. RikerStar Trek: The Next GenerationAlaska
10%
Charles Foster KaneCitizen KaneColorado
10%
Steven UniverseSteven UniverseDelaware
10%
Ted LassoTed LassoKansas
10%
Kermit the FrogThe Muppet ShowMississippi
10%
Wally WestDC ComicsNebraska
10%
Desmond MilesAssassin's CreedSouth Dakota
10%
Pete MillerThe OfficeVermont
10%

Score Distribution

Percentile by Number Answered

Percent of People with Each Score

Your Score History

You have not taken this quiz